| 000 | 00757nam a2200241 i 4500 | ||
|---|---|---|---|
| 001 | 91839 | ||
| 003 | ES-MaACL | ||
| 005 | 20230906180831.0 | ||
| 007 | t| | ||
| 008 | 050223s2004 sp ||||1| spa d | ||
| 020 | _a84-9756-207-0 | ||
| 080 | _a929 De Chirico, Giorgio | ||
| 100 | 1 |
_aDe Chirico, Giorgio. _943042 |
|
| 245 | 1 | 0 |
_aMemorias de mi vida / _cGiorgio de Chirico ; traducción Sofía Calvo. |
| 260 |
_aMadrid : _bSíntesis, _c[2004] |
||
| 300 |
_a335 p., [8] p. de lám. ; _c21 cm. |
||
| 490 | 1 |
_aEl espíritu y la letra ; _v20 |
|
| 504 | _aBibliografía: p. [329]-335. | ||
| 600 | 1 | 4 |
_aDe Chirico, Giorgio. _943042 |
| 830 | 0 |
_aEl espíritu y la letra ; _v20 _9184221 |
|
| 852 |
_aES-MaACL _jL-28877 _bR.135077 |
||
| 999 |
_c91839 _d91839 |
||